Development and testing of the reactor for membrane crystallization
Salvato in:
| Autore principale: | |
|---|---|
| Altri autori: | |
| Natura: | Manoscritto Libro |
| Lingua: | slovacco inglese |
| Pubblicazione: |
2023
|
| Soggetti: | |
| Accesso online: | http://is.stuba.sk/zp/portal_zp.pl?podrobnosti=163536 |
| Tags: |
Nessun Tag, puoi essere il primo ad aggiungerne!!
|
MARC
| LEADER | 00000ntm a22000003a 4500 | ||
|---|---|---|---|
| 001 | stuzp94217 | ||
| 003 | SK-STU | ||
| 005 | 20230909221414.0 | ||
| 007 | ta | ||
| 008 | 150427s2015----xo-----f-mn---000-0-slo-d | ||
| 040 | |a STU |b slo | ||
| 041 | 0 | |a eng | |
| 100 | 1 | |a Kondáš, Richard |u 046230 |4 aut |U FCHPT Ústav chemického a environmentálneho inžinierstva |T FCHPT Oddelenie chemického a biochemického inžinierstva |X 91826 |U C6230 |Y 119 |7 91826 | |
| 242 | 0 | 1 | |a Vývoj a testovanie reaktora na membránovú kryštalizáciu |y slo |
| 245 | 1 | 0 | |a Development and testing of the reactor for membrane crystallization |
| 260 | |c 2023 | ||
| 650 | 4 | |a Čistenie odpadových vôd |2 slo | |
| 650 | 4 | |a Membránová kryštalizácia |2 slo | |
| 650 | 4 | |a Hydroxid horečnatý |2 slo | |
| 650 | 4 | |a Dutovláknové membrány |2 slo | |
| 650 | 4 | |a Membrane crystallization |2 eng | |
| 650 | 4 | |a Magnesium hydroxide |2 eng | |
| 650 | 4 | |a Hollow-fiber membranes |2 eng | |
| 650 | 4 | |a Wastewater treatment |2 eng | |
| 700 | 1 | |a Červeňanský, Ivan |u 046230 |k Z1 |4 ths |U FCHPT Ústav chemického a environmentálneho inžinierstva |T FCHPT Oddelenie chemického a biochemického inžinierstva |X 44034 |U C6230 |Y 119 |7 A00000044034 | |
| 856 | 4 | |u http://is.stuba.sk/zp/portal_zp.pl?podrobnosti=163536 | |